000 00720 a2200205 4500
010 _aENG-88851
020 _a0195689313
_c595.00
035 _aEN-72384
037 _bDBAD / PUB
082 _a338.60954
090 _c9528
_d9528
100 1 _aGhosh, D.N.
245 1 _aGovernance and accountability :
_bessays on the Indian financial and corporate sectors /
_cby D.N. Ghosh
260 _aNew Delhi
_bOxford University Press
_c2007
270 _aYMCA Library Building, Jai Singh Road
_cNew Delhi
_e110 001
300 _ax, 257p.
_c22cm (Hb)
500 _aIncludes index
942 _adpl
_cEN
_k338.60954 / GHO
999 _c9354
_d9354